| 000 | 00920cab a2200193 4500 | ||
|---|---|---|---|
| 001 | ABS37383 | ||
| 008 | 090401t1987 xxu||||| |||| 00| 0 eng d | ||
| 035 | _a(Sirsi) u4034 | ||
| 041 | _aeng | ||
| 100 | _aBone, S. | ||
| 245 | _aRefurbishment of post-war buildings | ||
| 260 | _c1987 | ||
| 350 | _a0 | ||
| 490 |
_aArchitect _v94 (2) February 1987, 49-72 (9) |
||
| 520 | _aThis feature on the refurbishment of post-war buildings, examines the three different lives of a building, technical life (durability), economic life (cost in use) and functional life ( obsolescence ) and their implications for refurbishment, before considering which method - overcladding , housing refurbishment and conversion - is most suitable for the desired life of a building. Concludes with a look at some products currently being used in refurbishment projects. | ||
| 690 |
_aRefurbishment _96264 |
||
| 942 | _n0 | ||
| 948 | _c04/03/1997 | ||
| 999 |
_c2418 _d2418 |
||